000 00651nam a2200241Ia 4500
003 OSt
005 20221005075009.0
006 a|||||r|||| 00| 0
007 ta
008 221004b |||||||| |||| 00| 0 eng d
024 _a34906
037 _cTextual
040 _aCRL
_cCRL
_beng
041 _2eng
_aeng
082 _aZ2,1, M6
100 _aTahir Mahmood
245 0 _aPersonal laws in crisis
_b P. B. Gajendragadkar endowmen t lectures Bombay University
260 _aNew Delhi
_bMetropolitan
_c1986
300 _a168p
_ccm.
650 _aLAW
942 _hZ2,1, M6
_cTEXL
_2cc
999 _c983551
_d983551